Pays colonisé par l'Empire Brittanique - Statistiques

Statistiques générales
  • Ce quiz a été pris 230 fois
  • Le résultat moyen est 18 sur 44
Answers on the Grid
Answers color-coded by a green-red scale on the quiz's grid according to % correct below.
Canada
Afrique du Sud
Égypte
Islande
Soudan
Kenya
Tanzanie
Namibie
Nigeria
Mozambique
Inde
Chili
Brésil
Pakistan
Birmanie
Sri lanka
Australie
Nouvelle-Zélande
Algérie
Maurice
Hong Kong
Gibraltar
Malaisie
Suriname
Sierra leone
Mongolie
Gambia
Singapour
Écosse
Saint Hélène
Afghanistan
Suisse
Népal
Oman
Irak
Koweït
Israël
Jordanie
Malte
Chypre
Californie
Ghana
13 colonies
Zimbabwe
Corée
Groenland
Bahamas
Costa rica
Belize
Qatar
Malawi
Canton
Ouganda
Zambie
Bhoutan
Botswana
Cote d'ivoire
Émirats arabes unis
Sénégal
Bangladesh
 
Statistiques - réponses
Réponse % Correct
Canada
93%
Afrique du Sud
86%
Inde
74%
Australie
70%
Égypte
68%
Nouvelle-Zélande
68%
Kenya
67%
Hong Kong
64%
Écosse
63%
Gibraltar
61%
Pakistan
59%
Sri lanka
58%
Nigeria
56%
Tanzanie
55%
Singapour
53%
Soudan
53%
Saint Hélène
47%
Birmanie
41%
Malaisie
41%
Namibie
39%
Bangladesh
37%
Gambia
34%
Maurice
31%
Chypre
29%
Israël
29%
Sierra leone
29%
Botswana
28%
13 colonies
27%
Ghana
27%
Irak
27%
Koweït
27%
Malte
27%
Ouganda
27%
Zimbabwe
27%
Zambie
26%
Malawi
24%
Jordanie
23%
Oman
23%
Émirats arabes unis
22%
Bahamas
21%
Belize
21%
Qatar
19%
Mozambique
13%
Suriname
9%
Aucun quiz correspondant
Distribution des résultats
% des personnes avec chaque résultat
Percentile par nombre de réponses
Votre historique - résultats
Vous n’avez pas pris ce quiz